000 01157nam a2200349Ia 4500
001 dia_2533
003 CHAP
005 20251023172503.0
008 220117s2003 xx 000 0 und d
010 _a173054
020 _a968-7462-33-7
040 _cCHAP
082 _a584.43 V35 2003
100 _aValenzuela Zapata, Ana Guadalupe
_9117511
245 _aEl agave tequilero : su cultivo e industria de México /
_c Ana Guadalupe Valenzuela Zapata
250 _a3a ed.
260 _aMéxico :
_b Mundi-Prensa,
_c2003
300 _a215 p.
503 _aC/e (ej.1 y 2) \ D. (ej.3)
504 _aBibliografía: p. 201-207
590 _aHD9019.A433 V35 2003
650 _aAgave tequilana
_xDeseases and pests
_9153088
650 _aAgave tequilana
_xEnfermedades y plagas
_9153089
650 0 _aDestilling industry
_zMexico
_9153090
650 0 _aIndustria de la destilería
_9150300
650 _aTequila
_xFabricación
_9153091
650 _aTequila
_xManufacture and industry
_9153092
901 _a584.43 V35 2003
902 _aM
905 _a5232272003 mx admn8222223322spa16
942 _cLIBRO
_2ddc
999 _c173054
_d173054